00754nas a2200241Ia 4500001002300000003001000023008004100033040002500074041001200099100001700111210002600128222002600154240004500180245004500225250001100270260000900281501012300290300001400413362001200427500003800439650002400477700001100501dg53-2772 [d000002911]IT-MiCISF161014c99999999xx |||||||||||| ||und|| aIT-MiCISFcIT-MiCISF aINGLESE aWon-Hong Kim aWomen's Studies Forum aWomen's Studies Forum aSupportive Measures of Political Parties 0aSupportive Measures of Political Parties a1a ed. c1996 bCISF - Centro Internazionale Studi Famiglia - Via Giotto, 36 20145 MILANO (non commercial uses only)cCopyright 2016 app. 49-66 a [1996] a Tema: società, politica, donna asocietàvarticolo aAA.VV.